Croatian towns and municipalities coats of arms: Zadar - Statistics

General Stats
  • This quiz has been taken 89 times
  • The average score is 18 of 34
Answer Stats
Picture Answer % Correct
Zadar
92%
Biograd na Moru
83%
Benkovac
81%
Nin
81%
Vir
71%
Bibinje
70%
Pag
68%
Sukošan
67%
Pakoštane
62%
Preko
62%
Obrovac
60%
Posedarje
60%
Starigrad
60%
Gračac
57%
Novigrad
57%
Pašman
56%
Poličnik
56%
Kali
54%
Sali
54%
Zemunik Donji
52%
Sveti Filip i Jakov
51%
Privlaka
46%
Tkon
44%
Škabrnja
40%
Vrsi
38%
Galovac
37%
Polača
37%
Stankovci
37%
Jasenice
35%
Kukljica
35%
Ražanac
32%
Kolan
30%
Lišane Ostrovičke
27%
Povljana
27%
No matching quizzes found
Score Distribution
Percent of People with Each Score
Percentile by Number Answered
Your Score History
You have not taken this quiz